Ελληνισμός και Αρμενία

Αποθηκεύτηκε σε:
Λεπτομέρειες βιβλιογραφικής εγγραφής
Κύριος συγγραφέας: Bartikian, Hratch M.
Μορφή: Βιβλίο
Γλώσσα:Greek
Δημοσίευση: Αθήνα : Ίδρυμα Γουλανδρή-Χόρν, 1991
Θέματα:
Ετικέτες: Προσθήκη ετικέτας
Δεν υπάρχουν, Καταχωρήστε ετικέτα πρώτοι!

MARC

LEADER 00000cam a2200000 i 4500
001 1/60704
008 020409s1991 gre d
020 |a 960-7064-03-8 
035 |l 10000728 
040 |a GR-MY-UA  |b gre  |e aacr 
041 0 |a gre 
082 0 |a 938.36 
100 1 |a Bartikian, Hratch M. 
245 1 0 |a Ελληνισμός και Αρμενία /  |c Χ.Μ. Μπαρτικιάν 
260 |a Αθήνα :   |b Ίδρυμα Γουλανδρή-Χόρν,   |c 1991 
300 |a 117 σ. 
651 0 |a Armenia  |x History. 
651 0 |a Armenia  |x Foreign relations  |z Greece  |x History. 
651 0 |a Greece  |x Foreign relations  |z Armenia  |x History. 
852 |a INST  |b RHODES  |e 20020409  |h 938.36 BAR  |p 005400016545  |q 005400016545  |t BK  |y 0 
901 |a BIBL4-2002-1 
909 |a Ρ  |b 101017 
970 |a ΚΟΥΛΑΚΙΟΤΗ  |b ΛΙΤΣΑ  |z 2002/04/09